| 000 | 00716nam a22001815i 4500 | ||
|---|---|---|---|
| 001 | 167404 | ||
| 003 | ES-MaACL | ||
| 005 | 20230906213523.0 | ||
| 008 | 960320m18651873sp af |||| | spa d | ||
| 040 |
_aGA _bspa _cCCPB | SIC |
||
| 100 | 1 |
_aVicetto, Benito. _9133671 |
|
| 245 | 1 | 0 |
_aHistoria de Galicia / _cpor Benito Vicetto. |
| 260 |
_aFerrol : _bNicasio Taxonera, _c1865-1873 ( _festablecimiento tipográfico de Taxonera) |
||
| 300 |
_a7 v. (IX, 350 ; 322 ; X, 278 ; VII, 388 ; 500 ; 499 ; 520 p., [2] h. de lám.) ; _c26 cm. |
||
| 597 | 1 | _aLas hojas de lám. : "F. Gil Do, Cebrian Lo, Imp. y Lit. de N. Gonzalez Madrid" | |
| 651 | 4 |
_aGalicia- _xHistoria. _98728 |
|
| 852 |
_aES-MaACL _jG-6448-54 _z-- Enc. pasta |
||
| 999 |
_c167404 _d167404 |
||